000 00861nam a2200217Ia 4500
999 _c43456
_d43456
001 10187
003 GE_BSU
005 20250502105248.0
008 181216s1956||||ge |||||||||||||| ||geo||
040 _cGE_BSU
041 _ageo
080 _a821.353.1-31 რ–94
100 _aრუსიძე, კაპიტონ
_97621
245 _aმოუსვენარი ადამიანები :
_bრომანი /
_cკაპიტონ რუსიძე; რედ: ა.შონია; მხატვ: ალ.მესხი.
264 _aბათუმი :
_b სახელგამი,
_c1956.
300 _a323 გვ.;
_b20 სმ.
653 _aრომანი
700 _aშონია, ა.
_eრედაქტორი
_92035
700 _aმესხი, ალ.
_e მხატვარი
_924987
942 _cBK
_2udc